000
00173nam a2200073Ia 4500
008
170524s9999 xx 000 0 und d
100
_a
RAJGOPAL
245
0
_a
MARKETING MANAGEMENT
260
_b
VIKAS PUB.HOUSE
999
_c
7890
_d
7890